O perfumista (Registo nº 202142)

Detalhes MARC
000 -Etiqueta do registo
Valores 00541nam 22002053 4500
010 ## - Número ISBN
ISBN 989-555-217-3
021 ## - Número do Depósito Legal
Número 246590/06
100 ## - Dados gerais de processamento
Dados gerais 20260512d u||y0pory50 ba
200 ## - Titulo e menção de responsabilidade
Título próprio O perfumista
Primeira menção de responsabilidade Joaquim Mestre
205 ## - Menção da edição
Edição
210 ## - Publicação
Local de publicação Cruz Quebrada
Nome do editor Oficina do livro
Data de publicação 2006
215 ## - Descrição física 
Paginação / Volumes 301 p.
Outras indicações físicas brochado
Dimensões 22 cm
606 ## - Nome comum usado como assunto
ID Autoridade 6
Palavra de ordem Literatura Portuguesa
675 ## - CDU
Notação 821.134.3-3
Edição PT
Língua por
700 ## - Autor principal (pessoa individual)
ID Autoridade 17290
Apelido Mestre
Nome Joaquim
801 ## - Fonte de origem
País PT
Agência BMMN
Regras de catalogação RPC
830 ## - Notas gerais do catalogador
Criado por Fernando
Indexado por Fernando
990 ## - Elementos KOHA
Tipo de documento Livro
Exemplares
Situação do levantamento Biblioteca de origem Código de barras Cota Permissão de empréstimo Tipo de documento Forma de aquisição
  Biblioteca Municipal de Montemor-o-Novo 31570 821.134.3-3 MES|LG   Livro Oferta

Powered by Koha